000
00214nam a22000857a 4500
999
_c
5483
_d
5483
008
170116b xxu||||| |||| 00| 0 eng d
020
_a
9788172162658
100
_9
2439
_a
Rathore.B.S.
245
_a
A to Z Basket Ball
260
_a
New Delhi
_b
F.P.
_c
2009